000 00334 a2200145 4500
001 168083
020 _a
040 _cMagnum
100 _aCook-Gumperz, Jenny (Org.)
240 1 0 _aA construcao social da alfabetizacao
_lpor
245 1 0 _aA construcao social da alfabetizacao
362 0 _a1899
697 _aENSINO
942 _cBK
999 _c168083
_d168083